| 000 | 00337nam a2200133 4500 | ||
|---|---|---|---|
| 001 | 4478 | ||
| 005 | 20181127173502.0 | ||
| 090 | 0 | 0 | _a590 V655t 1988 |
| 100 | 0 | 0 | _aVidyarthi R.D. |
| 245 | 0 | 0 |
_aA textbook of zoology / _b _cR. D. Vidyarthi. _h |
| 260 | 0 | 0 |
_aNew Delhi : _bS.Chand & Company, _c1988. |
| 300 | 0 | 0 | _a756 p. ; 25 cm. |
| 650 | 0 | 0 |
_aZoology. _x |
| 999 |
_c3709 _d3709 |
||